Statistics for Countries by Composer

Click here to take the quiz!

General Stats

  • This quiz has been taken 38 times
  • The average score is 13 of 20

Answer Stats

ComposersCountry% Correct
Dun, Yi, and XiaogangChina
97%
Mendelssohn, Schumann, and BrahmsGermany
89%
Scarlatti, Verdi, and TartiniItaly
89%
Copland, Bernstein, and SousaThe United States
89%
Bartók, Liszt, and JoachimHungary
86%
Chopin, Penderecki, and PanderewskiPoland
86%
Ryu, Lee, and KimSouth Korea
86%
Berlioz, Bizet, and RavelFrance
80%
Scriabin, Khachaturian, and MussorgskyRussia
77%
Janáček, Dvořák, and SmetanaCzech Republic
74%
de Falla, Sarasate, and TárregaSpain
74%
Britten, Holst, and PurcellThe United Kingdom
74%
Vollenweider, Bovet, and SchoeckSwitzerland
49%
Hsaio, Chen, and Shui-longTaiwan
49%
Piazzolla, Milstein, and GinasteraArgentina
37%
Manolov, Staynov, and GoleminovBulgaria
34%
Saygun, Erkin, and AksesTurkey
34%
Skoryk, Arkas, and BortnianskyUkraine
29%
Miry, Gevaert, and YsaÿeBelgium
26%
Urrutia, Jara, and Orrego-SalasChile
26%

Score Distribution

Percentile by Number Answered

Percent of People with Each Score

Your Score History

You have not taken this quiz